How Many Days? - Statistics

General Stats
  • This quiz has been taken 64 times
  • The average score is 11 of 12
Answer Stats
Month # of Days % Correct
January 31
100%
February 28 days in a common year | 29 days in leap years
98%
April 30
98%
March 31
98%
June 30
96%
May 31
93%
July 31
89%
August 31
84%
September 30
80%
October 31
76%
November 30
73%
December 31
69%
No matching quizzes found
Score Distribution
Percent of People with Each Score
Percentile by Number Answered
Your Score History
You have not taken this quiz